| 000 | 00851nam a2200289 i 4500 | ||
|---|---|---|---|
| 001 | 000022523 | ||
| 003 | DO-SdBNP | ||
| 005 | 20241218093029.0 | ||
| 007 | ta | ||
| 008 | 181224s2009 dr 001 0 spa d | ||
| 020 | _a9789993469124 | ||
| 040 |
_aDO-SdBNP _bspa _cBNPHU _erda |
||
| 041 | _hspa | ||
| 082 | 4 |
_aRD863.44 _bF727c _222 |
|
| 100 | 1 |
_aFornerín, Miguel Ángel, _d1960- _eautor _922504 |
|
| 245 | 1 | 0 |
_aEl cuento dominicano y la generación del ochenta / _cMiguel Ángel Fornerín |
| 264 |
_aSanto Domingo : _bImago Mundi, _c2009. |
||
| 300 |
_a128 páginas ; _c24 cm. |
||
| 336 |
_2rdacontent _atexto _btxt |
||
| 337 |
_2rdamedia _asin mediación _bn |
||
| 338 |
_2rdacarrier _avolumen _bnc |
||
| 590 | _aInventariado, 2024/DG | ||
| 650 | 4 | _aCuentos dominicanos | |
| 650 | 4 | _aLiteratura dominicana | |
| 910 | _aDG | ||
| 942 |
_2ddc _cLBS1 |
||
| 999 |
_c57970 _d57970 |
||